000 01120cam a22003377a 4500
001 14630606
003 OSt
005 20140310184504.0
008 061109s2006 nyua j 001 0 eng d
010 _a 2006285854
020 _a0439854792
020 _a9780439854795
035 _a(OCoLC)ocm71838782
040 _aTDS
_cTDS
_dDLC
042 _alccopycat
050 0 0 _aGR 820
_b.M97 2008
082 0 0 _a398.24/54
245 0 0 _aMythical monsters :
_bthe scariest creatures from legends, books, and movies /
_cChris McNab, general editor.
260 _aNew York, NY :
_bTangerine Press :
_bScholastic,
_cc2008.
300 _a95 p. :
_bcol. ill. ;
_c22 x 29 cm.
521 _aG6
526 _c880
650 0 _aAnimals, Mythical
_vJuvenile literature.
_928831
650 0 _aMonsters
_vJuvenile literature.
_928832
650 0 _aAnimals
_vFolklore.
_928833
700 1 _aMcNab, Chris.
_910267
906 _a7
_bcbc
_ccopycat
_d2
_encip
_f20
_gy-gencatlg
942 _2lcc
_cBK-SCHOLAS
999 _c34792
_d34792